000 00762nam a2200277Ia 4500
003 OSt
005 20221007072655.0
006 a|||||r|||| 00| 0
007 ta
008 221006b |||||||| |||| 00| 0 eng d
020 _a0421333405
024 _a547
037 _cReference Collections
040 _aFLL
_cFLL
_beng
041 _2eng
_aeng
082 _aV3:2(Z), L8
100 _aPhillips O. Hood
245 0 _aConstitutional and administrative law
250 _a6th
260 _aLondon
_bSweet & Maxwell Ltd. UK
_c1978
300 _a746p
_ccm.
650 _aAdministrative Law
_9681514
700 _a Jackson Paul
942 _hV3:2(Z), L8
_cREF
_2CC
999 _c1146702
_d1146702